000 00573nam a2200217 a 4500
999 _c6953
_d6953
001 6953
003 BD-JhCC
005 20180203092524.0
008 180203s2001 bg a|||| || | 000 0 eng d
035 _a(BD-JhCC)6953
040 _aBD-JhCC
_dBD-JhCC
041 _aeng
082 _a421.5
_bBEG 2001
100 _aBegum, Syeda Sanjida
245 _aStandard Pronunciation of English Words /
_cSyeda Sanjida Begum,
260 _aDhaka :
_bSalmany Printers,
_c2001
300 _a900 p. :
_c22 cm.
650 _aPronunciation
_xEnglish
942 _2ddc
_cBK